000 00642nam a2200217Ia 4500
003 OSt
005 20220928135433.0
006 a|||||r|||| 00| 0
007 ta
008 220927b |||||||| |||| 00| 0 eng d
024 _a2179
037 _cTextual
040 _aSDCL
_cSDCL
_beng
041 _2eng
_aeng
082 _aX:51:(D6,8(B)), N3
100 _aOzimek John
_9490656
245 0 _aTargeting for success
_b A guide to new techniques for measurement and analysis in database and direct response marketing
260 _c1993
942 _hX:51:(D6,8(B)), N3
_cTEXL
_2CC
999 _c805990
_d805990